MARC

LEADER 00000nam0a2200000 4500
001 261457
005 20231101233551.0
035 |a (RuTPU)RU\TPU\book\284437 
090 |a 261457 
100 |a 20140523d1986 k y0rusy50 ca 
101 0 |a rus 
102 |a UA 
105 |a a z 001zy 
200 1 |a Минерализация олова, вольфрама и молибдена в Украинском щите  |f С. В. Нечаев [и др.]  |g Академия наук Украинской ССР (АН УССР), Институт геохимии и физики минералов 
210 |a Киев  |c Наукова думка  |d 1986 
215 |a 212 с.  |c ил. 
320 |a Библиогр.: с. 203-210. 
606 1 |a Оловорудные месторождения  |2 stltpush  |3 (RuTPU)RU\TPU\subj\46984  |9 66055 
606 1 |a Вольфрамовые месторождения  |2 stltpush  |3 (RuTPU)RU\TPU\subj\3673  |9 32054 
606 1 |a Молибденовые месторождения  |2 stltpush  |3 (RuTPU)RU\TPU\subj\44326  |9 63677 
610 1 |a минерализация 
610 1 |a Украинский щит 
610 1 |a минералы 
610 1 |a локализация 
610 1 |a генезис 
610 1 |a рудные образования 
675 |a 553.45  |v 3 
675 |a 553.463  |v 3 
675 |a 553.462  |v 3 
701 1 |a Нечаев  |b С. В. 
701 1 |a Кривдик  |b С. Г. 
701 1 |a Семка  |b В. А. 
701 1 |a Бучинская  |b К. М. 
712 0 2 |a Академия наук Украинской ССР (АН УССР)  |b Институт геохимии и физики минералов  |2 stltpush  |3 (RuTPU)RU\TPU\col\13747 
801 1 |a RU  |b 63413507  |c 20140523 
801 2 |a RU  |b 63413507  |c 20150320  |g RCR 
942 |c BK